[Event "Politiken Cup"]
[Site "Helsingor DEN"]
[Date "2009.07.19"]
[Round "3"]
[White "Hansen,SuB"]
[Black "Gajic,Ml"]
[Result "1-0"]
[WhiteElo "2554"]
[BlackElo "2249"]
[EventDate "2009.07.18"]

1. e4 Nf6 2. e5 Nd5 3. d4 d6 4. Nf3 dxe5 5. Nxe5 c6 6. h3 Bf5 7. g4 Be6 8.
c4 Nb6 9. b3 f6 10. Nf3 Bf7 11. Be3 e6 12. Nc3 N8d7 13. Qc2 Be7 14. Bd3 Nf8
15. h4 Nbd7 16. h5 Qa5 17. Bd2 Qc7 18. O-O-O O-O-O 19. Kb1 Bd6 20. Ne4 Be7
21. g5 e5 22. h6 gxh6 23. gxf6 Bxf6 24. Nxf6 Nxf6 25. Bf5+ N6d7 26. Nxe5
Bg6 27. Bxg6 Nxe5 28. Bf5+ 1-0

[Event "Politiken Cup"]
[Site "Helsingor DEN"]
[Date "2009.07.19"]
[Round "3"]
[White "Holst,C"]
[Black "Rasmussen,A"]
[Result "1/2-1/2"]
[WhiteElo "2159"]
[BlackElo "2536"]
[EventDate "2009.07.18"]

1. d4 d5 2. c4 c6 3. Nf3 Nf6 4. Nc3 e6 5. Bg5 h6 6. Bxf6 Qxf6 7. e3 Nd7 8.
Bd3 dxc4 9. Bxc4 g6 10. O-O Bg7 11. b4 O-O 12. a4 Qe7 13. Rb1 a5 14. bxa5
Rxa5 15. Nd2 c5 16. Nb3 Ra8 17. Bb5 cxd4 18. exd4 b6 19. Qf3 Rb8 20. Bc6
Rd8 21. Rfe1 Ba6 22. Nb5 Qg5 23. g3 Nf6 24. Re5 Qg4 25. Qg2 Nd7 26. h3 Qxd4
27. N3xd4 Nxe5 28. Bf3 Nxf3+ 29. Nxf3 Bb7 30. Rb3 Rd1+ 31. Kh2 Rbd8 32. Re3
h5 33. g4 h4 34. g5 R8d2 35. Nc3 Bxc3 36. Rxc3 Rd3 37. Rxd3 Rxd3 38. Qg4
Bxf3 39. Qxh4 Bd5 40. Qf4 Rb3 41. Qd4 Ra3 42. h4 Rb3 43. Qf6 Rb1 44. Qd4
Rh1+ 45. Kg3 Rg1+ 46. Kf4 Re1 47. Qxb6 e5+ 1/2-1/2

[Event "Politiken Cup"]
[Site "Helsingor DEN"]
[Date "2009.07.19"]
[Round "3"]
[White "Sebag,M"]
[Black "Solberg,J"]
[Result "1-0"]
[WhiteElo "2531"]
[BlackElo "2222"]
[EventDate "2009.07.18"]

1. e4 e5 2. Nf3 Nf6 3. Nxe5 d6 4. Nf3 Nxe4 5. d4 d5 6. Bd3 Nc6 7. O-O Be7
8. c4 Nb4 9. Be2 O-O 10. Nc3 Nxc3 11. bxc3 Nc6 12. cxd5 Qxd5 13. Bf4 Bd6
14. c4 Qe4 15. Be3 Bf5 16. Rc1 Rfe8 17. d5 Na5 18. Qd2 b6 19. c5 Bf8 20.
Rfe1 Rad8 21. d6 Qa8 22. Nd4 Be4 23. dxc7 1-0

[Event "Politiken Cup"]
[Site "Helsingor DEN"]
[Date "2009.07.19"]
[Round "3"]
[White "Akdag,D"]
[Black "Alsina Leal,D"]
[Result "0-1"]
[WhiteElo "2198"]
[BlackElo "2529"]
[EventDate "2009.07.18"]

1. d4 Nf6 2. c4 c5 3. d5 b5 4. cxb5 a6 5. b6 d6 6. Nc3 g6 7. e4 Bg7 8. Nf3
O-O 9. Be2 Nbd7 10. a4 a5 11. O-O Nxb6 12. Nd2 Nfd7 13. Ndb1 Ba6 14. Bb5
Bxb5 15. Nxb5 c4 16. N1c3 Nc5 17. Bg5 Nbd7 18. Qg4 Ne5 19. Qh4 Re8 20. f4
Ned3 21. Rf3 Nb3 22. Rd1 Qb6+ 23. Kh1 f6 24. Bh6 Bxh6 25. Rdxd3 cxd3 26.
Qxh6 Rf8 27. h4 Rf7 28. Rxd3 Qf2 29. Rd1 Qxb2 30. h5 Rg7 31. Rb1 Qc2 32.
hxg6 Rxg6 33. Qh3 Kh8 34. e5 Rag8 35. Rg1 dxe5 36. d6 Rg3 37. Qh2 Rxc3 38.
dxe7 Rc7 39. fxe5 Rxe7 40. exf6 Rf7 0-1

[Event "Politiken Cup"]
[Site "Helsingor DEN"]
[Date "2009.07.19"]
[Round "3"]
[White "Rolvag,M"]
[Black "Schandorff,L"]
[Result "1/2-1/2"]
[WhiteElo "2196"]
[BlackElo "2510"]
[EventDate "2009.07.18"]

1. c4 c6 2. d4 d5 3. Nf3 Nf6 4. e3 Bf5 5. cxd5 cxd5 6. Qb3 Qc7 7. Bd2 Nc6
8. Bb5 e6 9. O-O Bd6 10. Bb4 O-O 11. Bxd6 Qxd6 12. Rc1 Rfc8 13. Nbd2 Ne7
14. h3 Rc7 15. Rxc7 Qxc7 16. Qa3 a6 17. Bf1 Ne8 18. Nb3 Qd6 19. Nc5 Ra7 20.
Rc1 Qd8 21. Qa4 Nd6 1/2-1/2

[Event "Politiken Cup"]
[Site "Helsingor DEN"]
[Date "2009.07.19"]
[Round "3"]
[White "Tazbir,M"]
[Black "Kvisla,J"]
[Result "1-0"]
[WhiteElo "2500"]
[BlackElo "2222"]
[EventDate "2009.07.18"]

1. e4 e5 2. Nf3 Nc6 3. Bb5 a6 4. Ba4 Nf6 5. O-O Be7 6. Re1 b5 7. Bb3 d6 8.
c3 O-O 9. h3 a5 10. d4 a4 11. Bc2 Bd7 12. Na3 Rb8 13. d5 Na5 14. b4 axb3
15. axb3 c5 16. b4 cxb4 17. cxb4 Nc4 18. Bd3 Qb6 19. Bxc4 bxc4 20. Nxc4
Qxb4 21. Nfd2 Ra8 22. Ba3 Qb8 23. Qf3 Ba4 24. Nxe5 Re8 25. Nec4 Bf8 26.
Rab1 Qd8 27. Qd3 Nd7 28. Qg3 Nc5 29. Bxc5 dxc5 30. Qd3 Ra6 31. Nb2 Ra8 32.
Nxa4 Rxa4 33. Nc4 Qh4 34. d6 Rd8 35. Qd5 Ra2 36. Rf1 Re2 37. Rbe1 Rc2 38.
Qd3 Ra2 39. e5 Ra4 40. Re4 Qh6 41. f4 f5 42. Qd5+ Kh8 43. Re3 1-0

[Event "Politiken Cup"]
[Site "Helsingor DEN"]
[Date "2009.07.19"]
[Round "3"]
[White "Ask,J"]
[Black "Brynell,S"]
[Result "0-1"]
[WhiteElo "2191"]
[BlackElo "2471"]
[EventDate "2009.07.18"]

1. b3 d5 2. Bb2 Bg4 3. f3 Bh5 4. Nh3 Nc6 5. Nf4 Bg6 6. Nxg6 hxg6 7. d4 e6
8. g3 Bd6 9. f4 g5 10. e3 gxf4 11. exf4 g5 12. Bg2 gxf4 13. O-O fxg3 14. h3
Qg5 15. Qf3 O-O-O 16. c4 Nh6 17. cxd5 exd5 18. Qxd5 Qe3+ 19. Kh1 Ba3 0-1

[Event "Politiken Cup"]
[Site "Helsingor DEN"]
[Date "2009.07.19"]
[Round "3"]
[White "Cmilyte,V"]
[Black "Rhee,A"]
[Result "1-0"]
[WhiteElo "2470"]
[BlackElo "2116"]
[EventDate "2009.07.18"]

1. d4 Nf6 2. c4 c6 3. Nc3 d5 4. Nf3 e6 5. Bg5 dxc4 6. a4 h6 7. Bxf6 Qxf6 8.
e4 Bb4 9. Bxc4 Nd7 10. e5 Qe7 11. O-O Nb6 12. Bb3 Nd5 13. Qd3 a5 14. Ne4 b6
15. Rfc1 Ba6 16. Bc4 Bxc4 17. Rxc4 Qd7 18. Rac1 Rc8 19. Qc2 O-O 20. h3 Ne7
21. Qd3 Rfd8 22. Nh4 Nf5 23. Nxf5 exf5 24. Ng3 g6 25. Ne2 Be7 26. Qb3 c5
27. Qxb6 Rb8 28. Qxa5 Rxb2 29. Nf4 cxd4 30. Rc7 Qe8 31. e6 fxe6 32. Nxe6
Bd6 33. Rg7+ Kh8 34. Qa7 Be5 35. Rh7+ 1-0

[Event "Politiken Cup"]
[Site "Helsingor DEN"]
[Date "2009.07.19"]
[Round "3"]
[White "Sethuraman,S"]
[Black "Kaaber,J"]
[Result "1-0"]
[WhiteElo "2455"]
[BlackElo "2184"]
[EventDate "2009.07.18"]

1. e4 c5 2. Nf3 d6 3. d4 cxd4 4. Nxd4 Nf6 5. Nc3 a6 6. Bg5 e6 7. f4 Nbd7 8.
Qe2 Qc7 9. O-O-O Be7 10. g4 h6 11. Bh4 g5 12. fxg5 Nh7 13. Nf5 exf5 14. Nd5
Qd8 15. exf5 Ne5 16. Bg3 Bxg5+ 17. Kb1 Bf6 18. Nxf6+ Qxf6 19. Rxd6 Qxd6 20.
Bxe5 Qe7 21. Bxh8 f6 22. Bg7 h5 23. Bh6 hxg4 24. Qxg4 1-0

[Event "Politiken Cup"]
[Site "Helsingor DEN"]
[Date "2009.07.19"]
[Round "3"]
[White "Fries Nielsen,JO"]
[Black "Hvenekilde,J"]
[Result "1/2-1/2"]
[WhiteElo "2439"]
[BlackElo "2179"]
[EventDate "2009.07.18"]

1. b3 e5 2. Bb2 Nc6 3. c4 d6 4. e3 g6 5. g3 Bg7 6. Bg2 Nge7 7. Nc3 O-O 8.
Nge2 Be6 9. O-O d5 10. d3 h6 11. a3 1/2-1/2

[Event "Politiken Cup"]
[Site "Helsingor DEN"]
[Date "2009.07.19"]
[Round "3"]
[White "Wahlstrom,L"]
[Black "Antonsen,M"]
[Result "0-1"]
[WhiteElo "2179"]
[BlackElo "2438"]
[EventDate "2009.07.18"]

1. e4 e6 2. d4 d5 3. e5 c5 4. c3 Qb6 5. Nf3 Nc6 6. Be2 Nh6 7. Bxh6 gxh6 8.
Qd2 Bg7 9. O-O O-O 10. Na3 cxd4 11. cxd4 Bd7 12. Nc2 a5 13. b3 f6 14. exf6
Rxf6 15. a3 Be8 16. b4 Bg6 17. b5 Ne7 18. Ne5 Qd6 19. Bd3 Rc8 20. Ne3 Rf4
21. Bxg6 Nxg6 22. N3g4 h5 23. Nxg6 hxg6 24. Ne5 Rxd4 25. Qxd4 Bxe5 26. Qd3
Bxa1 27. Rxa1 Kh7 28. g3 Qe5 29. Ra2 Rc1+ 30. Kg2 Qe1 31. Qe2 Kg7 32. Qxe1
Rxe1 33. Rc2 Kf6 34. Rc7 Ra1 35. Rxb7 Rxa3 36. Ra7 a4 37. h4 Ke5 38. Ra6 d4
39. b6 Kd6 40. b7+ Kc7 41. Rxe6 Kxb7 42. Rxg6 Rc3 43. Rd6 d3 44. Kf3 a3 45.
Rd4 a2 46. Ra4 d2+ 47. Ke2 Rc1 0-1

[Event "Politiken Cup"]
[Site "Helsingor DEN"]
[Date "2009.07.19"]
[Round "3"]
[White "Korley,K"]
[Black "Pedersen,Stef"]
[Result "1/2-1/2"]
[WhiteElo "2143"]
[BlackElo "2435"]
[EventDate "2009.07.18"]

1. d4 d5 2. Nf3 Nf6 3. c4 c6 4. e3 a6 5. Bd3 Bg4 6. h3 Bh5 7. Nbd2 e6 8. b3
Nbd7 9. Bb2 Bd6 10. O-O Qb8 11. Qc2 O-O 12. c5 Bc7 13. Qc3 Bg6 14. Rae1 Re8
15. Bxg6 hxg6 1/2-1/2

[Event "Politiken Cup"]
[Site "Helsingor DEN"]
[Date "2009.07.19"]
[Round "3"]
[White "Kristiansen,Jen"]
[Black "Schou Moldt,T"]
[Result "1-0"]
[WhiteElo "2435"]
[BlackElo "2142"]
[EventDate "2009.07.18"]

1. d4 Nf6 2. Nf3 d6 3. c4 Nbd7 4. Nc3 e5 5. Bg5 Be7 6. e3 c6 7. Qc2 Qc7 8.
Bd3 a6 9. a4 a5 10. O-O g6 11. h3 O-O 12. Bh4 Re8 13. Bg3 Nh5 14. Bh2 Ng7
15. c5 Qd8 16. Rad1 exd4 17. cxd6 Bf8 18. Nxd4 Ne5 19. Be2 Qxd6 20. Kh1 Qe7
21. e4 Qc5 22. f4 Nc4 23. Bg1 Qb4 24. Na2 Qxb2 25. Qxc4 Rxe4 26. Bd3 Be6
27. Qc2 Qxc2 28. Bxc2 Rxd4 29. Bxd4 Bxa2 30. Bb6 Bd5 31. Kh2 Bd6 32. Be4
Bc4 33. Rf2 Bb4 34. Rd7 Ne8 35. Bc2 Nd6 36. Bc7 Ne8 37. Be5 f6 38. Bd4 b5
39. g4 Bd6 1-0

[Event "Politiken Cup"]
[Site "Helsingor DEN"]
[Date "2009.07.19"]
[Round "3"]
[White "Svane,R"]
[Black "Berg,K"]
[Result "0-1"]
[WhiteElo "2080"]
[BlackElo "2432"]
[EventDate "2009.07.18"]

1. e4 g6 2. d4 Bg7 3. Nc3 d6 4. f4 Nf6 5. Nf3 O-O 6. Be3 Nbd7 7. Qd2 c5 8.
O-O-O Ng4 9. Bg1 cxd4 10. Nxd4 e5 11. Nde2 exf4 12. Nxf4 Qa5 13. Bd4 Nge5
14. h4 h5 15. Be2 Nf6 16. Nfd5 Nxd5 17. exd5 b5 18. a3 Rb8 19. Qg5 b4 20.
axb4 Rxb4 21. Nb1 Kh7 22. Qd2 Bf5 23. g4 Nxg4 24. Bxg7 Kxg7 25. Qc3+ Ne5
26. Rd4 Rfb8 27. Rf1 Qb6 28. Rxb4 Qxb4 29. Bxh5 Qb5 30. Rf2 Rc8 31. Qd4 Qa5
32. Bd1 Rc4 0-1

[Event "Politiken Cup"]
[Site "Helsingor DEN"]
[Date "2009.07.19"]
[Round "3"]
[White "Jensen,SorenH"]
[Black "Semcesen,D"]
[Result "1/2-1/2"]
[WhiteElo "2054"]
[BlackElo "2418"]
[EventDate "2009.07.18"]

1. e4 e5 2. Nf3 Nc6 3. Bb5 a6 4. Ba4 Nf6 5. O-O Be7 6. Re1 b5 7. Bb3 d6 8.
c3 O-O 9. h3 Na5 10. Bc2 c5 11. d4 Nd7 12. Nbd2 exd4 13. cxd4 Nc6 14. Nb3
Bb7 15. Bf4 Re8 16. Rc1 Rc8 17. Bb1 g6 18. d5 Nce5 19. Nxe5 dxe5 20. Be3 c4
21. Nd2 Bb4 22. a3 Ba5 23. Re2 Qe7 24. Nf1 Qd6 25. Bd2 Bb6 26. Ne3 Nc5 27.
Bb4 a5 28. Bxc5 Bxc5 29. Qd2 Qb6 30. Kh2 Ba6 31. Ba2 Red8 32. Ng4 f6 33.
Kh1 Bf8 34. Qe3 Qxe3 35. Nxe3 Bc5 36. Nf1 Bf8 37. Ne3 Bh6 38. Rcc2 Bxe3 39.
Rxe3 b4 40. axb4 axb4 41. Rc1 Bb5 42. g3 Kf7 43. Kg2 Ke7 44. f4 Kd6 45. Kf3
Rc7 46. h4 Ra8 47. Bb1 Ra1 48. Ree1 b3 49. Rc3 Rca7 50. Rec1 h6 51. Kg2 Rc7
52. Kf3 Bd7 53. Kg2 Bg4 54. Kf2 Raa7 55. Rxc4 Rxc4 56. Rxc4 Ra1 57. Rc6+
Ke7 58. Rc1 1/2-1/2

[Event "Politiken Cup"]
[Site "Helsingor DEN"]
[Date "2009.07.19"]
[Round "3"]
[White "Lund,E"]
[Black "Jensen,Mi"]
[Result "1-0"]
[WhiteElo "2412"]
[BlackElo "2044"]
[EventDate "2009.07.18"]

1. d4 f5 2. g3 Nf6 3. Bg2 g6 4. Nh3 Bg7 5. Nf4 Nc6 6. d5 Ne5 7. h4 Nf7 8.
Nc3 c6 9. e4 e5 10. dxe6 dxe6 11. Qxd8+ Kxd8 12. Nd3 Ng4 13. Bf4 e5 14. Bd2
Kc7 15. O-O-O Bd7 16. f3 Ngh6 17. Nc5 Nd6 18. Bh3 Nhf7 19. Nxd7 Kxd7 20.
exf5 gxf5 21. Ne4 Kc7 22. Nxd6 Nxd6 23. Bb4 Nb5 24. c3 a5 25. Bc5 b6 26.
Be3 Rhf8 27. Rd3 c5 28. Rhd1 Rf7 29. a4 Na7 30. Bxf5 Raf8 31. Rd7+ Kb8 32.
Be4 Kc8 33. Rxf7 Rxf7 34. Bg5 Bf6 35. Rd6 Bxg5+ 36. hxg5 Kc7 37. Rh6 Nc8
38. Rxh7 Rxh7 39. Bxh7 1-0

[Event "Politiken Cup"]
[Site "Helsingor DEN"]
[Date "2009.07.19"]
[Round "3"]
[White "Mikkelsen,N"]
[Black "Andersen,L2 DEN"]
[Result "1-0"]
[WhiteElo "2399"]
[BlackElo "2113"]
[EventDate "2009.07.18"]

1. d4 d5 2. c4 e6 3. Nc3 c5 4. cxd5 exd5 5. Nf3 Nc6 6. g3 c4 7. Bg2 Bb4 8.
O-O Nge7 9. e4 dxe4 10. Nxe4 O-O 11. a3 Ba5 12. Ne5 Bb6 13. Nxc4 Bxd4 14.
Ned6 Rb8 15. Bg5 Bb6 16. Bxc6 bxc6 17. Nxc8 Rxc8 18. Nxb6 1-0

[Event "Politiken Cup"]
[Site "Helsingor DEN"]
[Date "2009.07.19"]
[Round "3"]
[White "Andersen,Ru2"]
[Black "Skytte,R"]
[Result "0-1"]
[WhiteElo "2026"]
[BlackElo "2396"]
[EventDate "2009.07.18"]

1. e4 d5 2. exd5 Qxd5 3. Nf3 Nf6 4. d4 Bg4 5. Be2 Nc6 6. c4 Qd6 7. d5 Bxf3
8. Bxf3 Ne5 9. O-O Nxf3+ 10. Qxf3 g6 11. Nc3 Bg7 12. Nb5 Qd7 13. Bf4 O-O
14. Rad1 Nh5 15. Bc1 a6 16. Nd4 Rad8 17. Rfe1 Qd6 18. Nf5 Qb4 19. Nxe7+ Kh8
20. b3 Rfe8 21. Bd2 Qa3 22. Nf5 Rxe1+ 23. Bxe1 gxf5 24. Qxh5 Qxa2 25. Bb4
Rg8 26. Qf3 Re8 27. Bc3 Qe2 28. Qxe2 Rxe2 29. Re1 Re4 30. Rxe4 fxe4 31. Bb4
Be5 32. c5 Kg7 33. Kf1 Kf6 34. Ke2 Bd4 35. f3 exf3+ 36. Kxf3 Ke5 37. d6
cxd6 38. cxd6 Ke6 39. Ke4 Be5 40. h4 Bxd6 41. Be1 f5+ 42. Kf3 h5 43. Bd2 b6
44. Ke3 Kd5 45. Kd3 a5 46. Be1 Bc7 47. Bf2 b5 48. Kc3 Be5+ 49. Kd3 a4 50.
bxa4 bxa4 51. Be1 a3 0-1

[Event "Politiken Cup"]
[Site "Helsingor DEN"]
[Date "2009.07.19"]
[Round "3"]
[White "Bryn,T"]
[Black "Bulski,K"]
[Result "0-1"]
[WhiteElo "2024"]
[BlackElo "2392"]
[EventDate "2009.07.18"]

1. d4 Nf6 2. c4 e6 3. g3 c5 4. d5 exd5 5. cxd5 d6 6. Nc3 g6 7. Bg2 Bg7 8.
Nf3 O-O 9. O-O Re8 10. Nd2 Nbd7 11. e4 b6 12. a4 Rb8 13. Nb5 Ba6 14. Nxd6
Bxf1 15. Nxe8 Bxg2 16. Nxf6+ Qxf6 17. Kxg2 Qd4 18. Qc2 f5 19. Ra3 fxe4 20.
Qxe4 Nf6 21. Qxd4 cxd4 22. d6 Rc8 23. Nb3 Rc6 24. Ra1 Rxd6 25. Bf4 Rd5 26.
Rc1 g5 27. Rc8+ Bf8 28. Bd2 a5 29. Rb8 Nd7 30. Rd8 h6 31. h4 Kf7 32. hxg5
Ke7 33. Rxf8 Kxf8 34. gxh6 Nc5 35. Nxc5 Rxc5 36. Kf3 Kg8 37. Ke4 Rc2 38.
Bf4 Rxb2 39. Bc7 b5 40. axb5 a4 41. Bd6 Rxb5 42. Kxd4 Rb3 43. Kc4 Rf3 44.
Be5 a3 45. g4 a2 46. g5 Kh7 47. Bb2 Ra3 48. Ba1 Rh3 49. Kd5 Rh1 50. Bg7 Rf1
0-1

[Event "Politiken Cup"]
[Site "Helsingor DEN"]
[Date "2009.07.19"]
[Round "3"]
[White "Thorfinnsson,Br"]
[Black "Meier,L"]
[Result "1-0"]
[WhiteElo "2377"]
[BlackElo "1888"]
[EventDate "2009.07.18"]

1. e4 d5 2. exd5 Nf6 3. Bb5+ Bd7 4. Be2 Nxd5 5. d4 g6 6. Nf3 Bg7 7. O-O O-O
8. c4 Nf6 9. Nc3 Qc8 10. h3 c5 11. d5 e6 12. Bg5 exd5 13. cxd5 Re8 14. Rc1
Qc7 15. Qd2 Qb6 16. Rfd1 Na6 17. Bc4 Qa5 18. Bxf6 Bxf6 19. Ne4 1-0

[Event "Politiken Cup"]
[Site "Helsingor DEN"]
[Date "2009.07.19"]
[Round "3"]
[White "Krueger,N"]
[Black "Rantanen,Y"]
[Result "1-0"]
[WhiteElo "2106"]
[BlackElo "2376"]
[EventDate "2009.07.18"]

1. e4 e5 2. Nc3 d6 3. Bc4 Be6 4. Bb3 Nc6 5. Nge2 g6 6. d4 Bxb3 7. axb3 Bg7
8. Be3 exd4 9. Nxd4 Nge7 10. O-O Qd7 11. Qd2 O-O 12. Rad1 Rae8 13. Nxc6
Nxc6 14. Bh6 Bxh6 15. Qxh6 f5 16. exf5 Qxf5 17. Qd2 Nb4 18. Rc1 a5 19. f3
Re5 20. Ne4 b6 21. Ng3 Qf4 22. Qxf4 Rxf4 23. Rf2 d5 24. Re2 Rxe2 25. Nxe2
Rf7 26. Kf2 Kf8 27. h4 Ke7 28. g4 Kd6 29. Kg3 c5 30. c3 Nd3 31. Rd1 Re7 32.
Nf4 Nxf4 33. Kxf4 Rf7+ 34. Kg3 Kc6 35. f4 b5 36. Ra1 1-0

[Event "Politiken Cup"]
[Site "Helsingor DEN"]
[Date "2009.07.19"]
[Round "3"]
[White "Boje,T"]
[Black "Aabling Thomsen,J"]
[Result "1-0"]
[WhiteElo "2008"]
[BlackElo "2344"]
[EventDate "2009.07.18"]

1. e4 g6 2. d4 Bg7 3. Nc3 d6 4. f4 a6 5. Nf3 b5 6. Be3 Bb7 7. Bd3 Nd7 8. e5
c5 9. Be4 Bxe4 10. Nxe4 Nh6 11. c3 O-O 12. O-O cxd4 13. cxd4 Nb6 14. Qe2
Nd5 15. Nc3 Nxe3 16. Qxe3 Nf5 17. Qe4 e6 18. Rac1 Rc8 19. g4 dxe5 20. gxf5
exf5 21. Qd5 exd4 22. Qxd8 Rfxd8 23. Nb1 d3 24. Ne5 Rxc1 25. Rxc1 Bh6 26.
Rd1 Bxf4 27. Nxd3 Rd4 28. Nc3 Be3+ 29. Kg2 Rg4+ 30. Kf3 Bd4 31. Ne2 Bf6 32.
Nef4 Rh4 33. Rd2 g5 34. Nd5 Bd8 35. Re2 Kf8 36. Ne3 f4 37. Nf5 Rh3+ 38. Ke4
Bb6 39. Ne5 Kg8 40. Rc2 h5 41. Nd7 Re3+ 42. Nxe3 Bxe3 43. Nf6+ Kg7 44.
Nxh5+ Kg6 45. Ng3 Bg1 46. Nf5 f6 47. Ne7+ Kh5 48. Nd5 Kg6 49. Nxf4+ gxf4
50. Rg2+ 1-0

[Event "Politiken Cup"]
[Site "Helsingor DEN"]
[Date "2009.07.19"]
[Round "3"]
[White "Larsen,Ka"]
[Black "Knudsen,JesW"]
[Result "1-0"]
[WhiteElo "2337"]
[BlackElo "2005"]
[EventDate "2009.07.18"]

1. Nf3 g6 2. e4 d5 3. exd5 Nf6 4. d4 Bg7 5. Bc4 Nxd5 6. O-O O-O 7. Re1 Nb6
8. Bb3 Bg4 9. h3 Bxf3 10. Qxf3 Nc6 11. c3 e5 12. dxe5 Bxe5 13. a4 Qf6 14.
Qxf6 Bxf6 15. a5 Nd7 16. a6 Nb6 17. Bf4 bxa6 18. Bxc7 Rfe8 19. Nd2 Rxe1+
20. Rxe1 Rc8 21. Bf4 Na5 22. Ba2 Nac4 23. Nxc4 Nxc4 24. Re2 g5 25. Bg3 a5
26. Bxc4 Rxc4 27. Re8+ Kg7 28. Bd6 Ra4 29. Ba3 Kg6 30. Rc8 Be5 31. Kf1 Re4
32. Rc5 Bd6 33. Rc6 1-0

[Event "Politiken Cup"]
[Site "Helsingor DEN"]
[Date "2009.07.19"]
[Round "3"]
[White "Ottosen,P"]
[Black "Burmeister,R"]
[Result "1-0"]
[WhiteElo "2087"]
[BlackElo "2333"]
[EventDate "2009.07.18"]

1. d4 e6 2. c4 f5 3. Nc3 d5 4. e3 c6 5. Nf3 Nf6 6. Bd3 Bd6 7. O-O O-O 8. b3
Qe8 9. Ne2 Ne4 10. Ne5 Nd7 11. Bb2 Nxe5 12. dxe5 Be7 13. f3 Nc5 14. Bc2
dxc4 15. bxc4 b6 16. Nd4 Bb7 17. Qe2 Qf7 18. Rad1 Rfd8 19. Nb3 Nxb3 20.
axb3 Qe8 21. f4 c5 22. e4 g6 23. Rde1 Bc6 24. Rf3 a6 25. Rh3 Bf8 26. exf5
exf5 27. e6 Ra7 28. Bxf5 Bg7 29. e7 Rd4 30. Qe6+ Qf7 31. Qxc6 1-0

[Event "Politiken Cup"]
[Site "Helsingor DEN"]
[Date "2009.07.19"]
[Round "3"]
[White "Sorensen,D"]
[Black "Matthiesen,M"]
[Result "0-1"]
[WhiteElo "2005"]
[BlackElo "2305"]
[EventDate "2009.07.18"]

1. d4 Nf6 2. Nf3 g6 3. g3 Bg7 4. Bg2 O-O 5. O-O d6 6. c4 Nbd7 7. Nc3 e5 8.
e4 c6 9. h3 Qb6 10. dxe5 Nxe5 11. Nxe5 dxe5 12. Qc2 Nd7 13. b3 Re8 14. Be3
Qc7 15. Rad1 Nf8 16. c5 Ne6 17. Ne2 b6 18. cxb6 axb6 19. f4 Ba6 20. Rf2
Rad8 21. f5 Nd4 22. Nxd4 exd4 23. Bf4 Be5 24. Bf1 Bxf1 25. Rfxf1 Bxf4 26.
Rxf4 c5 27. f6 Qe5 28. Rd3 Re6 29. Rdf3 Rdd6 30. b4 cxb4 31. Qc8+ Re8 32.
Qg4 d3 33. Rf1 Ree6 34. Qh4 d2 35. Rd1 Qd4+ 36. Kh1 Rxf6 37. Rxf6 Rxf6 38.
e5 Qxe5 39. Qxb4 Qe2 40. Qxd2 Rf1+ 0-1

[Event "Politiken Cup"]
[Site "Helsingor DEN"]
[Date "2009.07.19"]
[Round "3"]
[White "Jacobsen,Bo"]
[Black "Petersen,Nil"]
[Result "1-0"]
[WhiteElo "2303"]
[BlackElo "2060"]
[EventDate "2009.07.18"]

1. c4 Nf6 2. g3 e6 3. Nf3 c5 4. Bg2 Be7 5. O-O O-O 6. b3 Nc6 7. Bb2 b6 8.
e3 Bb7 9. Qe2 d5 10. d3 Qd7 11. Nc3 Rfd8 12. Rfd1 d4 13. exd4 cxd4 14. Ne4
Nxe4 15. Qxe4 Bf6 16. Nd2 Na5 17. Qe2 Bxg2 18. Kxg2 g6 19. f4 Nc6 20. Rf1
Ne7 21. g4 Bg7 22. Rae1 Re8 23. Nf3 Rad8 24. Ba3 Nc6 25. Ne5 Qc7 26. Qe4
Nxe5 27. fxe5 Bf8 28. Bxf8 Rxf8 29. Rf6 Rd7 30. h4 Qb7 31. Kf3 Qxe4+ 32.
Kxe4 Kg7 33. h5 Rc8 34. Rh1 a5 35. h6+ Kf8 36. Rf2 Ke8 37. g5 Rcc7 38. Rc2
Rc5 39. Rhc1 Kd8 40. a3 a4 41. b4 Rc6 42. b5 Rc5 43. Rb2 Rdd5 44. Rb4 Rxe5+
45. Kxd4 Rxg5 46. Rxa4 e5+ 47. Kc3 Rh5 48. Ra6 Kc7 49. Ra7+ Kb8 50. Rxf7
Rxh6 51. Rcf1 Rc7 52. Rxc7 Kxc7 53. Rf7+ Kc8 54. Rf6 Kc7 55. Rc6+ Kb7 56.
Re6 Rh3 57. Rxe5 Rg3 58. Re7+ 1-0

[Event "Politiken Cup"]
[Site "Helsingor DEN"]
[Date "2009.07.19"]
[Round "3"]
[White "Tsiolakidis,A"]
[Black "Pedersen,JanK"]
[Result "1-0"]
[WhiteElo "2290"]
[BlackElo "2065"]
[EventDate "2009.07.18"]

1. f4 d5 2. Nf3 Nf6 3. b3 Bf5 4. Bb2 e6 5. e3 Nbd7 6. Be2 h6 7. O-O c6 8.
Ne5 Bd6 9. d4 Qe7 10. c4 O-O-O 11. Nc3 Ne4 12. c5 Bxe5 13. fxe5 h5 14. Nxe4
dxe4 15. Qc2 g5 16. b4 g4 17. b5 Nb8 18. Rf4 Qg5 19. Qa4 g3 20. h3 Bxh3 21.
bxc6 Nxc6 22. Ba6 Nb8 23. c6 bxa6 24. c7 Bf5 25. Ba3 Kxc7 26. Rc1+ Kb7 27.
Qb3+ 1-0

[Event "Politiken Cup"]
[Site "Helsingor DEN"]
[Date "2009.07.19"]
[Round "3"]
[White "Rasmussen,He2"]
[Black "Christensen,St"]
[Result "1/2-1/2"]
[WhiteElo "1845"]
[BlackElo "2283"]
[EventDate "2009.07.18"]

1. Nf3 Nf6 2. c4 d5 3. cxd5 Nxd5 4. Nc3 Nxc3 5. bxc3 g6 6. g3 Bg7 7. Bg2
O-O 8. O-O c5 9. d4 Nc6 10. e3 Bg4 11. h3 Bxf3 12. Qxf3 Qa5 13. Bb2 Qa4 14.
Qd1 Qa5 15. a4 Rac8 16. Re1 Rc7 17. Qb3 Rfc8 18. Qb5 a6 19. Qb3 cxd4 20.
exd4 Qf5 21. g4 Qf4 22. Bc1 Qf6 23. Qb6 Nd8 24. Qxf6 Bxf6 25. Bd2 Nc6 26.
Bxc6 1/2-1/2

[Event "Politiken Cup"]
[Site "Helsingor DEN"]
[Date "2009.07.19"]
[Round "3"]
[White "Stray,G"]
[Black "Hess,C1"]
[Result "1/2-1/2"]
[WhiteElo "2076"]
[BlackElo "2257"]
[EventDate "2009.07.18"]

1. d4 d5 2. Nf3 c5 3. c3 Nf6 4. g3 e6 5. Bg2 Nc6 6. O-O Be7 7. a4 O-O 8.
Na3 cxd4 9. cxd4 Bd7 10. Ne5 Rc8 11. Nxd7 Qxd7 12. Nb5 Ne4 13. f3 Nd6 14.
Nxd6 Bxd6 15. Be3 Nb4 16. Bf2 Rc2 17. b3 Rfc8 18. Rb1 Qc7 19. Be1 Ra2 20.
e4 Qb6 21. Rf2 Rxf2 22. Bxf2 h6 23. e5 Bf8 24. Rc1 Rxc1 25. Qxc1 Nd3 26.
Qc3 1/2-1/2